000 00302nam a2200133Ia 4500
005 20260328101506.0
008 260328s9999||||xx |||||||||||||| ||und||
100 _aBill, Max
245 0 _aRobert Maillart /
_cMax Bill
260 _bGirsberger
300 _a184 p.
650 _aARQUITECTOS
942 _cBK
999 _c9032
_d9032